| 000 | 00528nam a2200181 4500 | ||
|---|---|---|---|
| 003 | OSt | ||
| 008 | 260429b |||||||| |||| 00| 0 eng d | ||
| 020 | _a9789811649547 | ||
| 082 |
_a633.182028 _bS25M |
||
| 245 | _aModern techniques of rice crop production/edited by Naeem Sarwar...[et al.] | ||
| 260 |
_aSingapore: _bSpringer; _c2022. |
||
| 300 | _axvi, 866 p. | ||
| 650 | _aAgriculture and related technologies | ||
| 650 | _aTechnology (Applied sciences) | ||
| 650 | _aRice | ||
| 700 | _aSarwar, Naeem | ||
| 942 |
_2ddc _cBK |
||
| 999 |
_c50262 _d50262 |
||